000 00962ctm a22002651i 4500
001 2600
005 20240111153021.0
020 _a9780689848889
040 _aDLC
_beng
_erda
_cDLC
_dDLC
050 0 0 _aPZ8.S248
082 _a398.2
100 _aD.San Souci , Robert
245 0 0 _aCendrillon :
_bA Caribbean Cinderella /
_cRobert D. San Souci ; illustrated by Brian Pinkney
250 _aFirst Aladdin Paperbacks edition January 2002
260 _aNew York :
_bAladdin Paperbacks,
_c1998
300 _a39 unnumbered pages :
_c27 cm.
_bcolor illustrations ;
505 _aQ
520 _aA Creole variant of the familiar Cinderella tale set in the Caribbean and narrated by the godmother who helps Cendrillon find true love.
521 _a671
_bLexile
521 _aQ
_bRaz-Plus
655 7 _aSilent film music.
_2lcgft
700 1 _aPinkney, Brian
906 _a7
_bcbc
_corignew
_d1
_encip
_f20
_gy-gencatlg
942 _2ddc
_cBK
_n0
999 _c2600
_d2600